000 01201nam a22002291i 4500
001 000030438
003 RuMoIPM
005 20260429120710.0
008 130426s1961----ur e c rus
040 _aRuMoIPM
_brus
_ercr
041 0 _arus
080 _a517.54+517.944/.947
245 1 _aНекоторые проблемы математики и механики
_bк 60-летию со дня рождения акад. М. А. Лаврентьева : [сборник статей]
_cред. коллегия: А. В. Бицадзе [и др]. ; вступ. ст. Г. С. Мигиренко
260 _aНовосибирск
_bИзд-во АН СССР
_c1961
300 _a268 с.
_bчерт.
500 _aВ надзаг.: Академия наук СССР. Сибирское отделение
504 _aСписок трудов М.А. Лаврентьева. - С. 13-24
_aБиблиогр. в конце ст.
600 1 _aЛаврентьев, Михаил Алексеевич
_d1900-1980
700 1 _aМигиренко, Георгий Сергеевич
_eавт. вступ. ст.
700 1 _aБицадзе, Андрей Васильевич
_eред.
942 _cBK
999 _c30438
_d30438